000 00457nab a2200145Ia 4500
003 ES-SlBCS
005 20210601141928.0
008 140529s1996 xxu||||| |||| 00| 0 spa d
041 _aspa
100 1 _aBauer, Alex
_9262323
245 0 0 _aLa profesionalización del médico griego y el juramento hipocrático
_c Alex Bauer
650 0 4 _aMédico Griego
_9262620
773 0 _tFolia Humanistica
_gvol. 34, nº. 352, 1996, págs. 363-372
_wRev1220
942 _cAR
999 _c668696
_d668696